County Capitals of Sweden on a Map - Statistics

General Stats
  • This quiz has been taken 26 times
  • The average score is 16 of 21
Answers on the Map
Answers color-coded by a green-red scale on the quiz's map according to % correct below.
 
Answer Stats
Arms County Capital % Correct
Västra Götaland Gothenburg
100%
Skåne Malmö
100%
Stockholm Stockholm
100%
Uppsala Uppsala
100%
Gotland Visby
95%
Jönköping Jönköping
89%
Kalmar Kalmar
89%
Örebro Örebro
89%
Gävleborg Gävle
84%
Östergötland Linköping
84%
Västerbotten Umeå
84%
Västmanland Västerås
74%
Värmland Karlstad
68%
Norrbotten Luleå
68%
Kronoberg Växjö
68%
Blekinge Karlskrona
63%
Jämtland Östersund
58%
Dalarna Falun
53%
Halland Halmstad
53%
Södermanland Nyköping
32%
Västernorrland Härnösand
26%
No matching quizzes found
Score Distribution
Percent of People with Each Score
Percentile by Number Answered
Your Score History
You have not taken this quiz